[Event "NED-ch U16 op"]
[Site "Borne"]
[Date "2019.08.09"]
[Round "8"]
[White "Warnaar, Mark"]
[Black "Hooijmans, Max"]
[Result "1-0"]
[WhiteElo "1175"]
[BlackElo "1559"]
[PlyCount "83"]
[EventDate "2019.08.05"]
[EventType "swiss"]
[EventRounds "9"]
[EventCountry "NED"]
[SourceTitle "EXT 2020"]
[Source "ChessBase"]
[SourceDate "2019.10.17"]
[SourceVersion "1"]
[SourceVersionDate "2019.10.17"]
[SourceQuality "1"]

1. e4 e5 2. Nf3 Nc6 3. c3 Nf6 4. d4 exd4 5. e5 Nd5 6. cxd4 Bb4+ 7. Nbd2 0-0 8. a3 Ba5 9. b4 Bb6 10. Bc4 Nf4 11. 0-0 Nxd4 12. Nxd4 Bxd4 13. Nf3 Bxa1 14. Bxf4 d5 15. Bd3 Bb2 16. Qb3 Bxa3 17. Qxa3 h6 18. Bc2 h5 19. Qd3 g6 20. Bg5 Qe8 21. Bf6 Bg4 22. Qe3 Kh7 23. Qg5 Rh8 24. h3 Bxf3 25. gxf3 Kg8 26. Bxh8 Kxh8 27. Qf6+ Kg8 28. Kh1 Kh7 29. Rg1 a5 30. bxa5 Rxa5 31. f4 Ra2 32. Bb3 Rxf2 33. Bxd5 Kh6 34. Rg2 Rxg2 35. Kxg2 b5 36. h4 Qc8 37. Qg5+ Kg7 38. Kh2 Qa6 39. Qe7 b4 40. Qxf7+ Kh6 41. Qf8+ Kh7 42. Qg8+ 1-0